Statistiques concernant Culture Générale #6 - Choix Multiples

Cliquez ici pour prendre le quiz!

Statistiques générales

  • Ce quiz a été pris 3 488 fois
  • Le résultat moyen est 8 sur 15

Statistiques - réponses

QuestionRéponse% Correct
Qu'était le Mégalodon ?Un requin de 10 mètres de long disparu il y a 3,6 millions d'années
89%
Que signifie l'expression japonaise : "Arigatō gozaïmasu" ?Merci beaucoup
84%
À l'origine, quelle crème est utilisée dans l'élaboration d'un kir, en plus du vin blanc ?Cassis
77%
Quelle est la longueur maximale d'un terrain de football, selon le règlement des Fédérations (pour les séniors) ?120
60%
Dans la mythologie grecque, quelle déesse est née en jaillissant de la tête de Zeus ?Athéna
56%
Que signifiait le mot "quadrige" ?Un char antique tiré par quatre chevaux
55%
Quelle est la plus haute distinction militaire dans l'armée britannique ?La Croix de Victoria
49%
Laquelle des propositions suivantes ne désigne pas un cas, en latin ?Infinitif
43%
Qui était Anton Tchekhov ?Un dramaturge
43%
En quoi la plus haute montagne d'Équateur (le volcan Chimborazo) est-elle remarquable ?Son sommet est le point plus éloigné du centre de la Terre
42%
Laquelle de ces propositions NE DESIGNE PAS un des trois grands courants de l'islam ?Sikhisme
41%
Le rayon d'une sphère jaune est égal à 10 fois celui d'une sphère bleue. Combien de fois le volume de la sphère jaune est il plus grand que celui de la sphère bleue ?1 000 fois plus grand
35%
Dans quel pays fut inventé le bobsleigh ?En Suisse
34%
Lequel de ces motifs est appelé paisley ?
30%
Que signifie le mot "adobe" ?Une brique faite d'argile et de paille
22%

Distribution des résultats

Percentile par nombre de réponses

% des personnes avec chaque résultat

Votre développement - résultats

Vous n’avez pas pris ce quiz